Normal view
MARC view
Entry Personal Name
001 - CONTROL NUMBER
- control field: 17295
003 - CONTROL NUMBER IDENTIFIER
- control field: dpl
005 - DATE AND TIME OF LATEST TRANSACTION
- control field: 20100827141714.0
008 - FIXED-LENGTH DATA ELEMENTS
- fixed length control field: 100827|||a|||||| | ||| d
040 ## - CATALOGING SOURCE
- Original cataloging agency: dpl
- Transcribing agency: dpl
100 ## - HEADING--PERSONAL NAME
- Personal name: दास, विचार
670 ## - SOURCE DATA FOUND
- Source citation: Work cat.: (dpl)32478: बांड, रस्किन 17293, ऐसे जीव जिन्हें भूला नहीं जा सकता /, 2009
670 ## - SOURCE DATA FOUND
- Source citation: Work cat.: (dpl)32478: बांड, रस्किन 17293, ऐसे जीव जिन्हें भूला नहीं जा सकता /, 2009
